00607 2200205 4500001002100000005001500021035002000036007000300056008004100059020001800100082000800118084001400126100002200140245014200162250001000304260003200314300002400346650002100370990001000391INLIS00000000000060920171011095202 a0010-1017000163ta171011 f 0 ind  a979-3762-78-0 a297 a297 AZH c0 aAzhim, Said Abdul1 aCara Islami Mencegah dan Mengobati Gangguan Otak, Stres dan Depresi :bDilengkapi Do'a-do'a Penerang hati dan fikiran /cSaid Abdul Azhim aCet.1 aDepok :bQultummedia,c2007 a82hlm ;c13 x 19 cm aKesehatan Islami a178 a